Lady Gaga songs - Statistics

General Stats
  • This quiz has been taken 58 times
  • The average score is 71 of 78
Answer Stats
Question Tile Select % Correct
Americano No
98%
Americano No
98%
So happy I could die No
96%
So happy I could die No
96%
911 No
96%
911 No
96%
911 No
96%
Marry the night No
96%
Marry the night No
96%
Marry the night No
96%
Perfect illusion No
96%
Perfect illusion No
96%
Perfect illusion No
96%
Americano No
96%
Americano No
96%
Look what I found No
96%
Look what I found No
96%
Look what I found No
96%
Starstruck No
93%
Starstruck No
93%
Starstruck No
93%
So happy I could die No
93%
So happy I could die No
93%
911 No
93%
911 No
93%
Marry the night No
93%
Poker face No
93%
Poker face No
93%
Poker face No
93%
Perfect illusion No
93%
Perfect illusion No
93%
Monster No
93%
Monster No
93%
Monster No
93%
Americano No
93%
Look what I found No
93%
Starstruck No
91%
Starstruck Yes
91%
So happy I could die No
91%
911 Yes
91%
Marry the night No
91%
Marry the night Yes
91%
Poker face No
91%
Perfect illusion Yes
91%
Lush life No
91%
Lush life No
91%
Just another day No
91%
Just another day No
91%
Dope No
91%
Dope No
91%
Dope No
91%
Americano Yes
91%
So happy I could die Yes
89%
Monster No
89%
Monster Yes
89%
Lush life No
89%
Lush life No
89%
Just another day No
89%
I won't dance No
89%
Dope No
89%
Dope No
89%
Look what I found No
89%
Starstruck No
87%
Just another day No
87%
I won't dance No
87%
I won't dance No
87%
I won't dance No
87%
Dope Yes
87%
Look what I found Yes
87%
Poker face Yes
85%
Monster No
85%
Lush life No
83%
Poker face No
80%
Lush life Yes
78%
I won't dance No
74%
Just another day No
70%
I won't dance Yes
70%
Just another day Yes
63%
No matching quizzes found
Score Distribution
Percent of People with Each Score
Percentile by Number Answered
Your Score History
You have not taken this quiz